00703nam a2200229Ia 4500001000800000003000500008005001700013008004100030010001100071020001800082040000900100082002000109100001900129245011200148260004300260300001700303500005700320503000800377650002200385650001800407700004800425dia_268CHAP20221213090615.0220117s1997 xx 000 0 und d a170820 a84-200-0837-0 cCHAP a621.56 B63 1997 aBoast, Michael aRefrigeración : libro de bolsillo /c Michael Boast ; traducción José Francisco Beltrán Juberías aZaragoza, España :b Acribia,c1997 aviii, 495 p. aTítulo original: Newnes Rrefrigeration Pocket Book aC/e aRefrigeración  aRefrigeration aBeltrán Juberías, José Francisco, tr.